Bytový dom

Enregistré dans:
Détails bibliographiques
Auteur principal: Vančo, Jakub (Auteur)
Autres auteurs: Binek, Kamil (Directeur de thèse)
Format: Manuscrit Livre
Langue:slovaque
Publié: 2017
Sujets:
Accès en ligne:http://is.stuba.sk/zp/portal_zp.pl?podrobnosti=108989
https://opac.crzp.sk/?fn=detailBiblioForm&sid=82D5162064037F62A39D84F7A2EE
Tags: Ajouter un tag
Pas de tags, Soyez le premier à ajouter un tag!

MARC

LEADER 00000ntm a22000003a 4500
001 stuzp62924
003 SK-STU
005 20230612100717.6
007 ta
008 150427s2015----xo-----f-mn---000-0-slo-d
040 |a STU  |b slo 
041 0 |a slo 
100 1 |a Vančo, Jakub  |u 010180  |4 aut  |U SvF Stavebná fakulta  |T SvF Katedra konštrukcií pozemných stavieb  |X 63453  |U V180  |Y 18  |7 63453 
242 0 1 |a Residential house  |y eng 
245 1 0 |a Bytový dom 
260 |c 2017 
650 4 |a bytový dom  |2 slo 
650 4 |a Trenčín  |2 slo 
650 4 |a výkresová dokumentácia  |2 slo 
650 4 |a residential house  |2 eng 
650 4 |a Trenčín  |2 eng 
650 4 |a drawing documentation  |2 eng 
700 1 |a Binek, Kamil  |u 010180  |k Z3  |4 ths  |U SvF Stavebná fakulta  |T SvF Katedra konštrukcií pozemných stavieb  |X 57720  |U V180  |Y 18  |7 A000057720 
856 4 |u http://is.stuba.sk/zp/portal_zp.pl?podrobnosti=108989 
856 4 |u https://opac.crzp.sk/?fn=detailBiblioForm&sid=82D5162064037F62A39D84F7A2EE